Napoléon le petit / (Record no. 168828)

MARC details
000 -LEADER
campo de control de longitud fija 00803nam a22002415i 4500
001 - NÚMERO DE CONTROL
campo de control 168828
003 - IDENTIFICADOR DE NÚMERO DE CONTROL
campo de control ES-MaACL
005 - FECHA Y HORA DE LA ÚLTIMA TRANSACCIÓN
campo de control 20250716062633.0
008 - DATOS DE LONGITUD FIJA--INFORMACIÓN GENERAL
campo de control de longitud fija 080612s1964 fr |||| | fre d
080 ## - NÚMERO DE LA CLASIFICACIÓN DECIMAL UNIVERSAL
Número de la Clasificación Decimal Universal 944"18"
080 ## - NÚMERO DE LA CLASIFICACIÓN DECIMAL UNIVERSAL
Número de la Clasificación Decimal Universal 821.133.1-311.6"18"
100 1# - ENTRADA PRINCIPAL--NOMBRE DE PERSONA
Nombre de persona Hugo, Victor,
Fechas asociadas al nombre 1802-1885
9 (RLIN) 64627
245 10 - MENCIÓN DEL TÍTULO
Título Napoléon le petit /
Mención de responsabilidad, etc. Victor Hugo ; présentation et notes de François Herbault.
260 ## - PUBLICACIÓN, DISTRIBUCIÓN, ETC.
Lugar de publicación, distribución, etc. [Paris] :
Nombre del editor, distribuidor, etc. Jean-Jacques Pauvert,
Fecha de publicación, distribución, etc. [1964]
300 ## - DESCRIPCIÓN FÍSICA
Extensión 297 p. ;
Dimensiones 18 cm.
490 1# - MENCIÓN DE SERIE
Mención de serie Libertés ;
Designación de volumen o secuencia 4
600 04 - PUNTO DE ACCESO ADICIONAL DE MATERIA--NOMBRE DE PERSONA
Nombre de persona Napoleón
Numeración III
Títulos y otros términos asociados al nombre Emperador de Francia.
9 (RLIN) 84912
651 #4 - PUNTO DE ACCESO ADICIONAL DE MATERIA--NOMBRE GEOGRÁFICO
Nombre geográfico Francia-
Subdivisión general Historia-
Subdivisión cronológica 1851, Golpe de Estado.
9 (RLIN) 137949
700 1# - ENTRADA AGREGADA--NOMBRE PERSONAL
Nombre de persona Herbault, François.
9 (RLIN) 137950
830 0# - PUNTO DE ACCESO ADICIONAL DE SERIE-TÍTULO UNIFORME
Título uniforme Libertés ;
Designación de volumen o secuencia 4
9 (RLIN) 185155
852 ## - LOCALIZACIÓN
Ubicación ES-MaACL
Número de control de estantería E-12184
itemnumber R.190404
Holdings
Estatus retirado Estado de pérdida Estado de daño No para préstamo Biblioteca de origen Biblioteca actual Ubicación en estantería Fecha de adquisición Fuente de adquisición Total de préstamos Signatura topográfica completa Código de barras Visto por última vez Precio de reemplazo Tipo de ítem Koha
        Biblioteca del Ateneo de Madrid Biblioteca del Ateneo de Madrid Depósito 2 12/06/2008     E-12184 1177174 23/02/2023 23/02/2023 Libro impreso